Norimberský trychtýř, aneb, Průvodce přemýšlivého studenta středoškolskou fyzikou /

Hlavní autor: Tomsa, Jan, 1961-
Jazyk: Čeština
Vydáno: Praha : Novela bohemica, 2022
Vydání: Vydání první
Témata:
Fyzický popis: 282 stran : barevné ilustrace ; 23 cm
Knihy
Uloženo v:
LEADER 01766cam a2200481 i 4500
001 nkc20223442670
003 CZ PrNK
005 20230127110852.0
007 ta
008 221109s2022 xr a d pf 001 0 cze d
015 |a cnb003442670 
020 |a 978-80-88322-35-1  |q (brožováno) 
035 |a (OCoLC)1369539998 
040 |a ULG001  |b cze  |d BOA001  |e rda 
072 7 |a 53  |x Fyzika  |2 Konspekt  |9 6 
072 7 |a 37.016  |x Učební osnovy. Vyučovací předměty. Učebnice  |2 Konspekt  |9 22 
080 |a 53  |2 MRF 
080 |a 373.5.016  |2 MRF 
080 |a (035)  |2 MRF 
100 1 |a Tomsa, Jan,  |d 1961-  |7 mzk2013764838  |4 aut 
245 1 0 |a Norimberský trychtýř, aneb, Průvodce přemýšlivého studenta středoškolskou fyzikou /  |c Jan Tomsa 
246 3 0 |a Průvodce přemýšlivého studenta středoškolskou fyzikou 
246 1 5 |a Norimberský trychtýř 
250 |a Vydání první 
264 1 |a Praha :  |b Novela bohemica,  |c 2022 
300 |a 282 stran :  |b barevné ilustrace ;  |c 23 cm 
336 |a text  |b txt  |2 rdacontent 
337 |a bez média  |b n  |2 rdamedia 
338 |a svazek  |b nc  |2 rdacarrier 
500 |a Obsahuje rejstřík 
650 0 7 |a fyzika  |7 ph114601  |2 czenas 
650 0 7 |a učivo středních škol  |7 ph136702  |2 czenas 
650 0 9 |a physics  |2 eczenas 
650 0 9 |a secondary school curriculum  |2 eczenas 
655 7 |a příručky  |7 fd133209  |2 czenas 
655 9 |a handbooks and manuals  |2 eczenas 
910 2 |a BOA001  |b 2-1499.597 
920 |a 016020003915423  |z ULG001 
990 |a BK 
995 |a 01 
991 |b 202212  |c NOV 
996 6 |b 2610924409  |c 2-1499.597  |l MZK  |r Sklad / do 1 hodiny  |n 1  |p p.v.  |w 001908136  |u 000010  |a 1  |e BOA001  |j MZK50  |s P 
996 7 |b 2610928332  |c 2-1499.597  |l Vol.výběr  |r VV 0p  |n 8  |p kup  |h 53 TOM  |w 001908136  |u 000020  |a 0  |e BOA001  |j MZK50  |s A